PG All-Time Leaders Quiz - Statistics

General Stats
  • This quiz has been taken 22 times
    14 since last reset
  • The average score is 23 of 29
Answer Stats
Stat # Player % Correct
PPG 27.5 Jerry West
100%
Free Throw Attempts Per Game 9.4 Jerry West
100%
Free Throws Made Per Game 7.6 Jerry West
100%
FG Attempts Per Game 20.9 Jerry West
100%
FG Made Per Game 10.0 Jerry West
100%
APG 11.4 Magic Johnson
100%
3-Pointers Made 3,390 Steph Curry
100%
3-Pointers Attempted 7,929 Steph Curry
100%
3-Point Attempts Per Game 9.0 Steph Curry
100%
3-Point Made Per Game 3.8 Steph Curry
100%
Field Goals Attempted 19,996 Russell Westbrook
92%
TOPG 4.1 Russell Westbrook
92%
Turnovers 4,443 Russell Westbrook
92%
Assists 15,806 John Stockton
85%
Steals 3,265 John Stockton
85%
Wins 953 John Stockton
85%
Games 1,504 John Stockton
85%
Points 26,710 Oscar Robertson
77%
Field Goals Made 9,508 Oscar Robertson
77%
Free Throws 7,694 Oscar Robertson
77%
Free Throws Attempted 9,185 Oscar Robertson
77%
RPG 7.5 Oscar Robertson
77%
MPG 42.2 Oscar Robertson
77%
Plus/Minus +6001 Chris Paul
69%
Rebounds 8,402 Jason Kidd
54%
Minutes 48,068 Jason Kidd
54%
Blocks 439 John Wall
31%
BPG 0.7 John Wall
31%
Losses 612 Andre Miller
15%
No matching quizzes found
Score Distribution
Percent of People with Each Score
Percentile by Number Answered
Your Score History
You have not taken this quiz since the last reset